| 000 | 01966nam0a2200313 4500 | ||
|---|---|---|---|
| 001 | RU\NLR\BIBL_A\022540923 | ||
| 005 | 20260420044402.0 | ||
| 010 |
_a978-5-7883-2120-2 _927 |
||
| 021 |
_aRU _bКН-П-25-016380 _9КН-П-25-1672 |
||
| 035 | _a(NLR Aleph) 022540923 | ||
| 090 |
_a13672505 _c13672505 |
||
| 100 | _a20250514d2024 u y0rusy50 ca | ||
| 101 | 0 | _arus | |
| 102 | _aRU | ||
| 105 | _aa j 000zy | ||
| 181 | 0 |
_ai3 _baxxe |
|
| 182 | 0 | _an | |
| 200 | 1 |
_aОбыкновенные дифференциальные уравнения и их применение _eучебное пособие для обучающихся по направлению подготовки 03.03.01 Прикладные математика и физика _fЕ. А. Барова _gМинистерство науки и высшего образования Российской Федерации, Федеральное государственное aвтономное образовательное учреждение высшего образования "Самарский национальный исследовательский университет имени академика С. П. Королева" (Самарский университет) |
|
| 203 |
_aТекст _bвизуальный _cнепосредственный |
||
| 210 |
_aСамара _cИзд-во Самарского университета _d2024 |
||
| 215 |
_a159 с. _cил. _d21 |
||
| 320 | _aБиблиогр.: с. 159 (5 назв.) | ||
| 606 | 1 |
_aОбыкновенные дифференциальные уравнения _jУчебные издания для высших учебных заведений _91003501 _3RU\NLR\AUTH\66380894 |
|
| 686 | 1 | _aВ161.61я73-1 | |
| 700 | 1 |
_aБарова _bЕ. А. _gЕвгения Анатольевна |
|
| 942 | _cBOOK | ||
| 980 | _aNB | ||